[Event "World School-ch U15"]
[Site "Sochi"]
[Date "2016.12.05"]
[Round "3"]
[White "Abdukholikov, Fotikh"]
[Black "Al Hosani, Omran"]
[Result "1/2-1/2"]
[WhiteElo "1921"]
[BlackElo "1925"]
[PlyCount "81"]
[EventDate "2016.12.03"]
[EventType "swiss"]
[EventRounds "9"]
[EventCountry "RUS"]
[SourceTitle "EXT 2018"]
[Source "ChessBase"]
[SourceDate "2017.10.13"]
[SourceVersion "1"]
[SourceVersionDate "2017.10.13"]
[SourceQuality "1"]

1. e4 c5 2. Nf3 e6 3. c4 Nc6 4. Nc3 d6 5. d4 cxd4 6. Nxd4 Nf6 7. Be2 Be7 8. 0-0 0-0 9. Be3 a6 10. f3 Re8 11. Qd2 Qc7 12. Rac1 Ne5 13. b3 Bd7 14. Rfd1 Rad8 15. Bf1 Bf8 16. Qf2 Qb8 17. h3 Nc6 18. f4 e5 19. Nde2 b5 20. Ng3 exf4 21. Qxf4 Ne5 22. Nd5 Nxd5 23. cxd5 Rc8 24. Nh5 Ng6 25. Qf3 Rxc1 26. Rxc1 Rc8 27. Qd1 Ne5 28. Rxc8 Qxc8 29. Qc1 Qxc1 30. Bxc1 f5 31. exf5 Bxf5 32. Nf4 Bb1 33. a4 Ba2 34. axb5 axb5 35. Bxb5 Bxb3 36. Ba3 Be7 37. Bc6 g5 38. Ne2 Nc4 39. Bb4 Nb6 40. Nd4 Bxd5 41. Nf5 1/2-1/2